00258nam a2200109Ia 4500008004000000082001500040100001700055245002800072260003100100300000700131650001000138210210b1981 xxu||||| |||| 00| 0 eng d a794.1 GIPN aGIPSLIS (A). aNimzo - Indian defence. aMadrasbChess playerc1981 a36 aChess